000 00490cam a22001337a 4500
008 180718b1968 xxu||||| |||| 00| 0 eng d
082 _aB706x42 Un3 RS 6
100 _aBaron, George
245 _aRoyal commission on local government in England: research studies 6 school management and government
_cby George Baron
260 _aLondon
_bHer Majesty's Stationery Office
_c1968
300 _av, 144p
650 _aLocal government - U.K.
650 _aSchool Management and Organisation - U.K.
999 _c415245
_d415245